[Event "?"]
[Site "Ciego de Avila"]
[Date "2010.01.20"]
[Round "8"]
[White "Quesada Perez, Yasser"]
[Black "Gomez Garrido, Camilo"]
[Result "1-0"]
[WhiteElo "2401"]
[BlackElo "2497"]
[PlyCount "93"]
[EventDate "2010.01.12"]
[EventCountry "CUB"]

1. e4 c5 2. Nf3 d6 3. d4 cxd4 4. Nxd4 Nf6 5. Nc3 a6 6. Be2 e6 7. O-O Be7 8. Be3
Qc7 9. f4 Nc6 10. Kh1 O-O 11. Qe1 Nxd4 12. Bxd4 b5 13. a3 Bb7 14. Qg3 Rad8 15.
Bd3 Rd7 16. Rae1 Qd8 17. Qh3 g6 18. f5 e5 19. Be3 Nh5 20. Nd5 $146 ({RR} 20.
Be2 Nf6 21. Bf3 Kh8 22. g4 d5 23. g5 dxe4 24. Bg2 Nh5 25. f6 Bd6 26. Bxe4 b4
27. Bxb7 bxc3 28. Bf3 cxb2 29. Bxh5 gxh5 30. Qxh5 Qa8+ 31. Rf3 Rb8 32. Rb1 Qe4
33. Kg1 Qxc2 {0-1 Swathi,G (2299)-Zhao Xue (2467)/Calicut 2003/CBM 095 ext (33)
}) ({RR} 20. Bh6 Re8 21. a4 Bf8 22. Bxf8 Rxf8 23. axb5 axb5 24. f6 d5 25. Be2
Nf4 26. Rxf4 exf4 27. e5 Kh8 28. Qh6 Rg8 29. Qxf4 Qb8 30. Bg4 Rdd8 31. Nxb5 Bc8
32. Nd4 Bxg4 33. Qxg4 Qxb2 34. e6 fxe6 {Kamsky,G (2725)-Stellwagen,D (2612)/
Wijk aan Zee NED 2009/The Week in Chess 742/1/2-1/2 (71)}) 20... Bxd5 21. exd5
Bf6 22. Bb6 Qe7 23. g4 Ng7 24. Be3 Rdd8 25. Qg2 g5 26. h4 h6 27. hxg5 hxg5 28.
Qh3 e4 29. Bxg5 Rfe8 30. Rxe4 Qxe4+ 31. Bxe4 Bxg5 32. f6 Rxe4 33. fxg7 Kxg7 34.
Rxf7+ Kxf7 35. Qh7+ Kf8 36. Qf5+ Ke8 37. Qxe4+ Be7 38. Qe6 Rd7 39. g5 Kd8 40.
g6 Bf8 41. b3 Bg7 42. Qg8+ Kc7 43. Qa8 Be5 44. Qa7+ Kd8 45. Qb8+ Ke7 46. Qg8
Rc7 47. g7 1-0

[Event "?"]
[Site "Ciego de Avila"]
[Date "2010.01.20"]
[Round "8"]
[White "Arencibia Rodriguez, Walter"]
[Black "Ortiz Suarez, Isan Reynaldo"]
[Result "0-1"]
[WhiteElo "2499"]
[BlackElo "2523"]
[PlyCount "112"]
[EventDate "2010.01.12"]
[EventCountry "CUB"]

1. d4 {Baburin} Nf6 2. c4 e6 3. Nc3 d5 4. cxd5 exd5 5. Bg5 c6 6. Qc2 Be7 7. e3
Nbd7 8. Bd3 Nf8 9. Nge2 Ne6 10. Bh4 g6 11. O-O O-O 12. Rad1 ({RR} 12. Rab1 Ng7
13. b4 a6 14. f3 Nf5 15. Bf2 Nd6 16. e4 dxe4 17. fxe4 Ng4 18. a4 {
1/2-1/2 Onischuk,A (2585)-Rogers,I (2560)/Germany 1995/GER-chT2}) ({RR} 12. f4
Ng7 13. Ng3 Ng4 14. Bxe7 Qxe7 15. Rfe1 Nxh2 16. Kxh2 Qh4+ 17. Kg1 Qxg3 18. Qf2
Qxf2+ 19. Kxf2 Bg4 20. b4 Nf5 21. b5 Rfe8 22. Rac1 Rab8 23. Bxf5 Bxf5 24. Re2
Kf8 25. bxc6 bxc6 26. Na4 h5 {Ruiz Garcia,M (2107)-Alarcia Astriz,C (2191)/
Madrid 2008/CBM 124 Extra/1/2-1/2 (58)}) 12... Nh5 13. Bxe7 Qxe7 14. f3 ({RR} 
14. e4 dxe4 15. Bxe4 Ng5 16. Bd3 Bg4 17. Qd2 ({RR} 17. d5) 17... Rad8 18. f3
Bc8 19. Rfe1 Qf6 20. Bc4 Rfe8 21. d5 Nxf3+ 22. gxf3 Qxf3 23. Qg5 h6 24. Qg2
Qe3+ 25. Qf2 Qg5+ 26. Kh1 b5 27. Bb3 b4 28. dxc6 bxc3) 14... Re8 $146 ({RR} 
14... Bd7 15. Qd2 Rad8 16. a3 Bc8 17. b4 a6 18. Rfe1 Rfe8 19. Nc1 f5 20. Bf1 f4
21. exf4 Nhxf4 22. Re5 Qf6 23. Rde1 g5 24. Bd3 Bd7 25. Bf5 h6 26. Qe3 Kf7 ({RR
} 26... Nxd4 27. Qxd4 Qxf5 28. Rxf5 Rxe1+ 29. Kf2 Rxc1 30. Rf6) 27. g3 Ng6 28.
Bxg6+ Kxg6 29. Nd3 {
Ionov,S (2553)-Donchenko,A (2413)/St Petersburg 1999/CBM 074/[Baburin]/1-0 (60)
}) 15. Qd2 Ng5 16. e4 dxe4 17. fxe4 Bg4 18. e5 Rad8 19. Bc4 b5 20. Bb3 a5 21.
Qe3 a4 22. Bc2 Ne6 23. h3 Bxe2 24. Nxe2 Qa7 25. g4 Nhg7 26. Be4 Qb6 27. Kh1 Re7
28. Bg2 h5 29. Qf2 Red7 30. Rd3 b4 31. Rc1 Rc7 32. gxh5 Nxh5 33. Qh4 Rcc8 34.
Rg1 Qb5 35. Be4 Nhg7 36. Qg4 Rc7 37. h4 Nc5 38. Bxg6 fxg6 39. Rf3 Nce6 40. Rf6
Qd5+ 41. Rg2 Nxd4 42. Rxg6 Qxe5 43. Rg5 Qf6 44. Rg6 Qf1+ 45. Ng1 Ndf5 46. Qxb4
Rd4 47. Qb8+ Kh7 48. Qxc7 Rxh4+ 49. Rh2 Rxh2+ 50. Kxh2 Kxg6 51. Qxc6+ Kh7 52.
Qc2 Qf4+ 53. Kg2 Kg8 54. Qc8+ Kf7 55. Qd7+ Kf8 56. Qd8+ Ne8 0-1

[Event "?"]
[Site "Ciego de Avila"]
[Date "2010.01.20"]
[Round "8"]
[White "Hernandez Carmenates, Holden"]
[Black "Delgado Ramirez, Neuris"]
[Result "0-1"]
[WhiteElo "2567"]
[BlackElo "2595"]
[PlyCount "124"]
[EventDate "2010.01.12"]
[EventCountry "CUB"]

1. e4 c5 2. Nf3 Nc6 3. d4 cxd4 4. Nxd4 Nf6 5. Nc3 d6 6. Bc4 e6 7. Be3 Bd7 8.
Bb3 ({RR} 8. O-O Na5 9. Bd3 a6 10. f4 Qc7 11. Kh1 Be7 12. Qf3 O-O 13. Rae1 b5
14. Qh3 e5 15. Nf5 Bxf5 16. exf5 Nc4 17. Bc1 exf4 18. Bxc4 bxc4 19. Bxf4 Rfe8
20. Rd1 Rab8 21. b3 Rbc8 22. Rf3 Bf8 {Brandenburg,D (2436)-Flumbort,A (2489)/
Emsdetten GER 2009/The Week in Chess 743/0-1 (32)}) 8... Na5 ({RR} 8... Be7 9.
Qe2 Nxd4 10. Bxd4 Bc6 11. O-O-O Qa5 12. f4 e5 13. Be3 O-O 14. g4 Bxe4 15. Rhg1
Rac8 16. g5 Rxc3 17. gxf6 Bxf6 18. bxc3 exf4 19. Bd4 Bxd4 20. Rxd4 Qxc3 21.
Rxg7+ Kxg7 22. Rxe4 f3 23. Qe3 {
Ivanchuk,V (2705)-Navara,D (2620)/Mallorca 2004/CBM 104/1-0}) ({RR} 8... Rc8 9.
Ndb5 d5 10. exd5 exd5 11. Nxd5 Nb4 12. Nxf6+ Qxf6 13. Nxa7 Rc7 14. O-O Bd6 15.
Bd4 Qh6 16. Re1+ Be6 17. Be5 Bxe5 18. Rxe5 O-O 19. Qd6 Nxc2 20. Rxe6 Nxa1 21.
Rxh6 Rc1+ 22. Bd1 gxh6 23. g3 {
Hernandez,R (2240)-Delgado Ramirez,N (2417)/Granma 1999/EXT 2003/1-0}) 9. Qe2
$146 ({RR} 9. g4 Nxb3 10. axb3 h5 11. g5 Ng4 12. Qd2 Nxe3 13. Qxe3 Be7 14. Rg1
g6 15. Nf3 a5 16. Nd2 Ra6 17. f4 Bc6 18. Rg2 Qc7 19. Nf3 Kd8 20. Rd2 Kc8 21.
Nd4 Qb6 22. Kf2 Rd8 23. Nxc6 Qxc6 {
Black,R-Zalys,I/Montreal 1973/EXT 2002/0-1 (31)}) 9... Rc8 10. f3 a6 11. O-O-O
Be7 12. g4 O-O 13. h4 Rxc3 14. bxc3 Qc7 15. Kb1 d5 16. g5 Nh5 17. exd5 e5 18.
Qh2 Ba3 19. Bc1 Bd6 20. Ne2 Nc4 21. Bb2 b5 22. Bxc4 bxc4 23. Ka1 Rb8 24. Rb1
Bf5 25. Nc1 Rb5 26. Qd2 Ra5 27. a3 Nf4 28. Na2 Rxd5 29. Qh2 g6 30. Rhd1 Ra5 31.
Bc1 Nd5 32. Qd2 Be6 33. Nb4 Qc5 34. Bb2 Be7 35. Bc1 Nc7 36. Na2 Nb5 37. Qe3 Qc7
38. Rb4 Bf5 39. Rd2 Bc5 40. Qe2 Nxa3 41. Bxa3 Rxa3 42. Rb2 Ra5 43. Qxc4 Be6 44.
Qd3 Be7 45. Kb1 Ra4 46. c4 Rxc4 47. Rd1 a5 48. Re1 Bf5 49. Qb3 Bd6 50. Ka1 Bxc2
51. Qb6 Qxb6 52. Rxb6 Bc5 53. Rb8+ Kg7 54. Kb2 Bd4+ 55. Kc1 Bf2 56. Rxe5 Bg3
57. Rbb5 Bxe5 58. Rxe5 Bb3+ 59. Kb2 Bxa2 60. h5 Ra4 61. h6+ Kf8 62. Rb5 Rb4+
0-1

[Event "?"]
[Site "Ciego de Avila"]
[Date "2010.01.20"]
[Round "8"]
[White "Gonzalez Vidal, Yuri"]
[Black "Jimenez Fraga, Pedro Alejandro"]
[Result "1/2-1/2"]
[WhiteElo "2523"]
[BlackElo "2453"]
[PlyCount "31"]
[EventDate "2010.01.12"]
[EventCountry "CUB"]

1. d4 Nf6 2. c4 g6 3. Nc3 Bg7 4. e4 d6 5. Nf3 O-O 6. h3 e5 7. d5 Nh5 8. Nh2 Na6
9. g3 c6 ({RR} 9... Nc5 10. b4 Na6 11. Rb1 f5 12. exf5 Bxf5 13. Rb3 Qf6 14. Be3
Nf4 15. Nb5 Nxh3 16. Qd2 Rae8 17. Be2 h5 18. c5 Bd7 19. Nc3 Nf4 20. c6 Bc8 21.
Bxa7 Nxe2 22. Qxe2 e4 23. O-O Qf5 24. Rd1 {
Ivanchuk,V (2719)-Ponomariov,R (2630)/Shenyang 2000/CBM 079/1-0 (47)}) 10. Be2
Nf6 11. Ng4 cxd5 $146 ({RR} 11... Ne8 12. h4 Bxg4 13. Bxg4 f5 14. Bf3 Qb6 15.
O-O Nc5 16. Qe2 Nf6 17. Be3 cxd5 18. cxd5 Qa5 19. Bd2 Qa6 20. exf5 gxf5 21. Be3
Qxe2 22. Bxe2 Rfc8 23. Rac1 a6 24. Rc2 e4 25. Rfc1 Nd3 26. Bxd3 {
Toran Albero,R (2420)-Van Seters,F (2325)/Nice 1974/EXT 2000/1/2-1/2 (33)}) ({
RR} 11... Nc5 12. Bg5 ({RR} 12. Nxf6+ Qxf6 13. b4 Na6 14. a3 Nc7 15. h4 Qe7 16.
h5 cxd5 17. cxd5 Bd7 18. hxg6 hxg6 19. g4 f5 20. gxf5 gxf5 21. exf5 Bxf5 22.
Be3 Rac8 23. Qd2 a6 24. Rg1 Qh4 25. O-O-O Nb5 26. Bxb5 axb5 {
Kosyrev,V (2558)-Ulko,J (2477)/St Petersburg 2001/EXT 2002/1-0 (53)}) 12... h5
13. Nxf6+ Bxf6 14. Bh6 Bg7 15. Be3 h4 16. Qd2 cxd5 17. exd5 hxg3 18. fxg3 Qa5
19. Ne4 Qxd2+ 20. Nxd2 e4 21. Bxc5 dxc5 22. O-O-O f5 23. h4 Bd7 24. h5 g5 25.
g4 e3 26. Nf3 {
Rahman,Z (2564)-Yang,K (2366)/Kuala Lumpur 2008/CBM 126 Extra/0-1 (55)}) 12.
cxd5 Nc5 13. Nxf6+ Qxf6 14. h4 Qe7 15. Be3 Bd7 16. h5 1/2-1/2

[Event "?"]
[Site "Ciego de Avila"]
[Date "2010.01.21"]
[Round "9"]
[White "Quesada Perez, Yuniesky"]
[Black "Almeida Quintana, Omar"]
[Result "1/2-1/2"]
[WhiteElo "2523"]
[BlackElo "2538"]
[PlyCount "20"]
[EventDate "2010.01.12"]
[EventCountry "CUB"]

1. e4 e5 2. Nf3 Nf6 3. Nxe5 d6 4. Nf3 Nxe4 5. Qe2 Qe7 6. d3 Nf6 7. Bg5 Qxe2+ 8.
Bxe2 Be7 9. Nc3 h6 10. Bh4 Nc6 1/2-1/2

[Event "?"]
[Site "Ciego de Avila"]
[Date "2010.01.21"]
[Round "9"]
[White "Bruzon Batista, Lazaro"]
[Black "Corrales Jimenez, Fidel"]
[Result "1-0"]
[WhiteElo "2615"]
[BlackElo "2602"]
[PlyCount "105"]
[EventDate "2010.01.12"]
[EventCountry "CUB"]

1. Nf3 d5 2. d4 Nf6 3. c4 c6 4. e3 e6 5. Bd3 Nbd7 6. b3 a5 $146 ({RR} 6... Bb4+
7. Bd2 Bd6 8. Bc3 Ne4 9. Bb2 f5 10. O-O Qf6 11. Nc3 O-O 12. Ne2 g5 13. Ng3 Nxg3
14. fxg3 g4 15. Nd2 Qg5 16. Qe2 Nf6 17. a4 Bd7 18. Qf2 h5 19. Ba3 Bxa3 20. Rxa3
Ne4 21. Bxe4 {Hebden,M (2522)-Aikhoje,O (2252)/London ENG 2009/1-0 (52)}) ({RR
} 6... Bd6 7. Bb2 O-O ({RR} 7... Qe7 8. Ne5 Bb4+ 9. Nd2 Nxe5 10. dxe5 Nd7 11.
O-O b6 12. f4 Ba6 13. Nf3 Nc5 14. Be2 dxc4 15. bxc4 Bb7 16. Qc2 O-O-O 17. a3
Ba5 18. Nd4 g5 19. Bf3 Qc7 20. Rad1 h5 21. fxg5 Rhg8 22. h4 {
Paehtz,T (2395)-Raicevic,M (2410)/Trnava 1986/EXT 1997/1-0 (34)}) 8. O-O b6 9.
Nbd2 ({RR} 9. Nc3 Bb7 10. Qc2 Qe7 11. Rfe1 Rad8 12. Rad1 h6 13. e4 dxe4 14.
Nxe4 Nxe4 15. Bxe4 f5 16. Bd3 Qf7 17. c5 bxc5 18. Rxe6 Nb6 19. Rxd6 Rxd6 20.
dxc5 Rxd3 21. Qxd3 Nd5 22. Re1 a5 23. Re5 Bc8 {Radovanovic,D (2312)-Csirik,A
(2281)/Senta SRB 2009/The Week in Chess 769/1-0 (32)}) 9... Bb7 10. Ne5 c5 11.
cxd5 Nxd5 12. Ndc4 Nxe5 13. dxe5 Be7 14. a3 f5 15. exf6 Bxf6 16. Qh5 g6 17. Qh3
Bxb2 18. Qxe6+ Kg7 19. Nxb2 Re8 20. Qh3 Qf6 21. Na4 {
Sargissian,G (2658)-Bocharov,D (2602)/Moscow 2007/CBM 117/1-0 (46)}) 7. O-O a4
8. Bb2 axb3 9. axb3 Rxa1 10. Bxa1 Bb4 11. Qc2 O-O 12. Nbd2 g6 13. Bc3 Bd6 14.
c5 Bc7 15. b4 Qe7 16. Qb2 Nh5 17. b5 f5 18. Ra1 cxb5 19. Bxb5 f4 20. e4 dxe4
21. Nxe4 Ndf6 22. Nxf6+ Nxf6 23. Ba5 Bb8 24. Re1 Nd5 25. Bc4 Rf5 26. h3 g5 27.
Qb3 Qg7 28. Bxd5 Rxd5 29. Qb6 Qd7 30. Rc1 Qe7 31. Bb4 Qc7 32. Ra1 Qd8 33. Qxd8+
Rxd8 34. Ba5 Re8 35. Nxg5 Bd7 36. Ne4 Kg7 37. f3 Bc6 38. Nd6 Re7 39. Bd2 Bxd6
40. cxd6 Rf7 41. Ra8 Kg6 42. Rg8+ Kf5 43. h4 h6 44. h5 e5 45. dxe5 Kxe5 46.
Bc3+ Kd5 47. Rg7 Rd7 48. Rg4 Rf7 49. Bg7 Bd7 50. Rg6 Bf5 51. Bxh6 Bxg6 52. hxg6
Rd7 53. g7 1-0

[Event "?"]
[Site "Ciego de Avila"]
[Date "2010.01.21"]
[Round "9"]
[White "Nogueiras Santiago, Jesus"]
[Black "Martinez Duany, Lelys Stanley"]
[Result "1/2-1/2"]
[WhiteElo "2570"]
[BlackElo "2506"]
[PlyCount "47"]
[EventDate "2010.01.12"]
[EventCountry "CUB"]

1. d4 Nf6 2. Nf3 d6 3. Nc3 g6 4. e4 Bg7 5. Be2 O-O 6. O-O Nbd7 7. e5 Ne8 8. Bf4
({RR} 8. Re1 c5 9. dxc5 ({RR} 9. Bg5 cxd4 10. exd6 Nxd6 11. Nxd4 Nf6 12. Bd3
Bd7 13. h3 Re8 14. Qd2 Qb6 15. Nb3 Bc6 16. a4 Rad8 17. Qc1 Qc7 18. Nb5 Nxb5 19.
axb5 Bd5 20. Nd2 b6 21. Ra4 Rd7 22. Nc4 e5 23. Bh6 Bh8 {
Lamoureux,C (2354)-Ruffenach,A (2064)/France 2008/EXT 2009/1-0 (44)}) 9... Nxc5
10. Bg5 h6 11. Be3 Ne6 12. Qd2 dxe5 13. Bxh6 Qxd2 14. Bxd2 N8c7 15. Bd3 Nc5 16.
Nxe5 Nxd3 17. Nxd3 Re8 18. Bf4 Bxc3 19. bxc3 Nd5 20. Bg5 Bf5 21. c4 Nf6 22. f3
Rac8 {Geller,E (2590)-Bohm,H (2445)/Wijk aan Zee 1977/MCL/1/2-1/2}) 8... Nb6 9.
h3 c6 10. Qc1 Nd5 $146 ({RR} 10... f6 11. exd6 exd6 12. Bd3 d5 13. Ne2 Nd6 14.
Ng3 Be6 15. a4 a5 16. b3 Qd7 17. Qd2 Rfe8 18. Rfe1 Nf7 19. h4 Nc8 20. c4 dxc4
21. bxc4 Ncd6 22. Qc2 Bh6 23. Bxg6 Bxf4 24. Nh5 Kh8 25. Nxf4 {
Botvinnik,M-Simagin,V/Moscow 1955/URS-ch/1/2-1/2 (110)}) 11. Nxd5 cxd5 12. Bh6
Bf5 13. Bxg7 Kxg7 14. Nh4 Be4 15. f3 e6 16. fxe4 Qxh4 17. Rf4 Qd8 18. exd5 dxe5
19. dxe5 exd5 20. Qe3 Nc7 21. Rb4 b6 22. Rd1 Qe7 23. Rbd4 Rfe8 24. Bf3 1/2-1/2

[Event "?"]
[Site "Ciego de Avila"]
[Date "2010.01.21"]
[Round "9"]
[White "Vera Gonzalez, Quevedo Reynaldo"]
[Black "Quesada Perez, Yasser"]
[Result "1/2-1/2"]
[WhiteElo "2499"]
[BlackElo "2401"]
[PlyCount "107"]
[EventDate "2010.01.12"]
[EventCountry "CUB"]

1. d4 d5 2. c4 c6 3. Nc3 Nf6 4. cxd5 cxd5 5. Bf4 Nc6 6. Nf3 Bf5 7. e3 e6 8. Bb5
Bb4 9. Ne5 Qb6 10. O-O Bxc3 11. Bxc6+ bxc6 12. bxc3 Nd7 $146 ({RR} 12... Qa6
13. g4 Bg6 14. h4 Nd7 15. h5 Nxe5 16. Bxe5 f6 17. hxg6 fxe5 18. gxh7 Rxh7 19.
Kg2 O-O-O 20. Qf3 Rdh8 21. Rh1 e4 22. Qf7 Rxh1 23. Rxh1 Rxh1 24. Kxh1 Qxa2 25.
Qf8+ Kc7 26. Qxg7+ Kb6 27. Qf8 {
Levit,R (2200)-Zakharian,V (2200)/Riga 1975/MCD/0-1 (45)}) ({RR} 12... O-O 13.
g4 ({RR} 13. Bg5 Rfd8 14. Qf3 c5 15. Qg3 Kf8 16. Qh4 Ke7 17. e4 Bxe4 18. Ng4
Kf8 19. Nxf6 gxf6 20. Qh6+ Ke8 21. Qxf6 Qc7 22. Rae1 h6 23. Qxh6 Rdc8 24. f3
Bg6 25. f4 Be4 26. f5 e5 27. Qg7 exd4 {
Salmela,H-Topi Hulmi,T (2166)/Turku 1999/EXT 2001/1-0 (39)}) 13... Bg6 14. h4
h6 15. Nxg6 fxg6 16. Qc2 g5 17. hxg5 Nxg4 18. Qg6 hxg5 19. Qxe6+ Kh7 20. Bd6
Rf6 21. Qxg4 Rxd6 22. Kg2 Rf8 23. Rh1+ Kg8 24. Raf1 Qb2 25. Rh5 Rdf6 26. Qg3
Qe2 27. Rxg5 {Antonsen,M-Varberg,K/Lyngby 1990/EXT 1997/1-0 (41)}) 13. c4 Nxe5
14. c5 Qa6 15. Bxe5 O-O 16. Bd6 Rfd8 17. Qb3 Rd7 18. f3 Rb7 19. Qc3 Qd3 20.
Rac1 a5 21. Rfd1 Qxc3 22. Rxc3 a4 23. Ra3 Rb2 24. Rf1 Ra7 25. Rf2 Rb4 26. Re2
Bg6 27. Kf2 Rab7 28. g4 f6 29. Kg3 Rc4 30. h4 h5 31. g5 Kf7 32. Rf2 Ke8 33. Rg2
Rb1 34. Kh2 Kf7 35. Bf4 Bf5 36. Re2 e5 37. dxe5 fxe5 38. Bxe5 Rxh4+ 39. Kg3 Rc4
40. Bd4 Kg6 41. Rc3 Rxc3 42. Bxc3 a3 43. e4 dxe4 44. Rd2 Rf1 45. Rd6+ Kf7 46.
fxe4 Bxe4 47. g6+ Bxg6 48. Rxc6 Be4 49. Rc7+ Ke6 50. Bxg7 Rf7 51. Rxf7 Kxf7 52.
Bc3 Bd5 53. Bb4 Bxa2 54. Bxa3 1/2-1/2

[Event "?"]
[Site "Ciego de Avila"]
[Date "2010.01.21"]
[Round "9"]
[White "Bacallao Alonso, Yusnel"]
[Black "Delgado Ramirez, Neuris"]
[Result "0-1"]
[WhiteElo "2512"]
[BlackElo "2595"]
[PlyCount "84"]
[EventDate "2010.01.12"]
[EventCountry "CUB"]

1. Nf3 Nf6 2. g3 b5 3. Bg2 Bb7 4. O-O g6 5. d4 Bg7 6. Nbd2 ({RR} 6. c3 O-O 7.
Qb3 a6 8. a4 Bd5 9. Qc2 d6 10. Nbd2 Nbd7 11. e4 Bb7 12. e5 dxe5 13. dxe5 Ng4
14. e6 Nc5 15. h3 Nh6 16. exf7+ Nxf7 17. a5 e5 18. Re1 Qf6 19. Re2 Rad8 20. h4
Bh6 {Bradford,J (2425)-Arencibia Rodriguez,W (2535)/Linares 1992/CBM 033 ext/
0-1 (42)}) 6... O-O 7. c4 ({RR} 7. Re1 d6 8. e4 Nfd7 9. Qe2 c5 10. e5 Nb6 11.
dxc5 dxc5 12. Qxb5 Qc7 13. Ne4 Na6 14. Bf4 Nd5 15. Bd2 Rab8 16. Qc4 Ndb4 17. a3
Nc6 18. e6 f5 19. Nc3 Rbd8 20. Bf4 Qb6 21. Na4 Qa5 {
Billing,C (2155)-Coenen,M (2174)/Willingen 2008/CBM 124 Extra/1/2-1/2 (58)})
7... a6 8. a4 $146 ({RR} 8. Qb3 Nc6 9. e4 Na5 10. Qb4 c5 11. dxc5 Nxe4 12. cxb5
Nxd2 13. Nxd2 Bxg2 14. Kxg2 axb5 15. Qxb5 Qc7 16. Nc4 Nxc4 17. Qxc4 Rfc8 18.
Rd1 d6 19. Rb1 Qxc5 20. Qxc5 dxc5 21. a3 c4 22. Bg5 Ra7 {
Mitter,G (2153)-Wegerer,F (2221)/Austria 2001/EXT 2002/1-0 (52)}) 8... bxc4 9.
Nxc4 Bd5 10. Ne3 Be4 11. Bd2 Nc6 12. Bc3 Rb8 13. Qd2 e6 14. Rfd1 Qc8 15. Bf1
Ne7 16. Rac1 Qb7 17. Ba5 Rfc8 18. Ne5 d6 19. Nd3 Bh6 20. f4 Bg7 21. Nf2 Bc6 22.
Rc4 Ne4 23. Nxe4 Bxe4 24. Rb4 Qa7 25. Rxb8 Rxb8 26. Bc3 Bc6 27. Nc2 Bxa4 28. e3
Nd5 29. Re1 c5 30. Na3 Nxc3 31. bxc3 d5 32. Ra1 a5 33. Nc4 Bb5 34. Nxa5 Bxf1
35. Kxf1 c4 36. Kg2 Rb5 37. Qa2 Qb6 38. Qa4 Bf8 39. Ra2 Rb2+ 40. Kh3 Rxa2 41.
Qxa2 Qb5 42. e4 Bd6 0-1

[Event "?"]
[Site "Ciego de Avila"]
[Date "2010.01.21"]
[Round "9"]
[White "Ortiz Suarez, Isan Reynaldo"]
[Black "Perez Rodriguez, Luis Manuel"]
[Result "1/2-1/2"]
[WhiteElo "2523"]
[BlackElo "2486"]
[PlyCount "13"]
[EventDate "2010.01.12"]
[EventCountry "CUB"]

1. d4 Nf6 2. Nf3 b6 3. Bf4 Bb7 4. e3 e6 5. Be2 Be7 ({RR} 5... d5 6. O-O Be7 7.
Nbd2 O-O 8. c3 c5 9. Ne5 Nc6 10. Bd3 Nxe5 11. Bxe5 Bd6 12. f4 Ne4 13. Nxe4 dxe4
14. Bc4 Rc8 15. Rc1 Qe7 16. Be2 cxd4 17. Bxd6 Qxd6 18. Qxd4 Qe7 19. Rfd1 Rfd8
20. Qa4 {Pakleza,Z (2419)-Balogh,C (2567)/Warsaw 2005/CBM 110 ext/0-1 (50)}) ({
RR} 5... d6 6. O-O Nbd7 7. h3 g6 8. c4 Bg7 9. Nc3 O-O 10. Qc2 Qe7 11. Rfd1 h6
12. b4 e5 13. Bh2 Rfe8 14. Nb5 exd4 15. Nbxd4 Ne4 16. Rac1 a6 17. Bd3 c5 18.
bxc5 dxc5 19. Nb3 Rac8 20. Re1 {Ledger,S (2150)-Willis,R/Hinckley Island ENG
2009/The Week in Chess 751/1/2-1/2 (73)}) 6. O-O O-O 7. Nbd2 $146 ({RR} 7. c4
d6 8. Nc3 Nbd7 9. Qc2 Nh5 10. Bg3 f5 11. Nd2 Qe8 12. Bf3 Bxf3 13. Nxf3 g5 14.
h3 g4 15. hxg4 fxg4 16. Nd2 Nxg3 17. fxg3 Qh5 18. Qe4 e5 19. Nd5 Bg5 20. Nxc7
Rac8 21. Ne6 Nf6 {
Neporozhnyaja,T-Belyikh,A (1999)/Berdsk 2008/CBM 125 Extra/1/2-1/2}) 1/2-1/2

[Event "?"]
[Site "Ciego de Avila"]
[Date "2010.01.21"]
[Round "9"]
[White "Gomez Garrido, Camilo"]
[Black "Arencibia Rodriguez, Walter"]
[Result "1/2-1/2"]
[WhiteElo "2497"]
[BlackElo "2499"]
[PlyCount "19"]
[EventDate "2010.01.12"]
[EventCountry "CUB"]

1. e4 e5 2. Nf3 Nf6 3. Nxe5 d6 4. Nf3 Nxe4 5. Qe2 Qe7 6. d3 Nf6 7. Bg5 Nbd7 8.
Nc3 c6 ({RR} 8... Qxe2+) 9. Qxe7+ Bxe7 10. Be2 $146 ({RR} 10. O-O-O h6 11. Bh4
{1/2-1/2 Zaw,W (2532)-Nguyen Anh Dung (2561)/Bangkok 2004/CBM 103}) 1/2-1/2

[Event "?"]
[Site "Ciego de Avila"]
[Date "2010.01.21"]
[Round "9"]
[White "Hernandez Carmenates, Holden"]
[Black "Jimenez Fraga, Pedro Alejandro"]
[Result "0-1"]
[WhiteElo "2567"]
[BlackElo "2453"]
[PlyCount "128"]
[EventDate "2010.01.12"]
[EventCountry "CUB"]

1. d4 Nf6 2. c4 g6 3. Nc3 Bg7 4. e4 d6 5. Nf3 O-O 6. Be2 e5 7. O-O Nc6 8. d5
Ne7 9. Ne1 Nd7 10. f3 f5 11. g4 Kh8 12. Nd3 Ng8 13. Kh1 Bh6 ({RR} 13... f4 14.
Rg1 Bf6 15. b4 Bh4 16. c5 Ndf6 17. Bb2 Bd7 18. a4 h5 19. Nxf4 exf4 20. g5 Kh7
21. gxf6 Bxf6 22. Qd2 Nh6 23. Bb5 Bh3 24. Bf1 Bd7 25. Bb5 Bh3 26. Rac1 Be5 27.
Nd1 a6 28. Nf2 {Belov,V (2623)-Grischuk,A (2748)/Dagomys RUS 2009/The Week in
Chess 753/1-0 (59)}) 14. Rg1 ({RR} 14. gxf5 gxf5 15. Rg1 Bxc1 16. Qxc1 f4 17.
b4 Ndf6 18. c5 Nh5 19. Qe1 Rf6 20. Bf1 Rh6 21. Ne2 Bd7 22. a4 Qf6 23. b5 Rf8
24. Rc1 Ne7 25. Qf2 Ng6 26. Ne1 Nh4 27. Rc3 b6 28. cxd6 cxd6 {Nebolsina,V
(2312)-Motoc,A (2358)/St . Petersburg RUS 2009/The Week in Chess 749/1-0 (40)})
14... fxg4 $146 ({RR} 14... Bxc1 15. Rxc1 c5 16. dxc6 bxc6 17. c5 fxe4 18. fxe4
dxc5 19. Na4 Ba6 20. Naxc5 Nxc5 21. Nxc5 Bxe2 22. Qxe2 Qh4 23. Nd3 Nf6 24. Nxe5
Qg5 25. Nd3 Rae8 26. e5 Nd7 27. Rgf1 Rg8 28. Rce1 Re6 29. Rf7 {
Lautier,J (2220)-Degraeve,J (2170)/Epinal 1986/EXT 1997/1-0 (36)}) 15. Bxh6
Nxh6 16. fxg4 g5 17. Qd2 Ng8 18. Qe3 Qe7 19. h4 Rf4 20. Rg2 a6 21. Qd2 h6 22.
hxg5 hxg5 23. Rh2+ Kg7 24. Qe3 Qf6 25. Qh3 Qh6 26. Qe3 Qg6 27. Kg2 Ndf6 28. Qh3
Nh6 29. Nxf4 gxf4 30. Qh4 Nf7 31. Rg1 Qg5 32. Bf3 Qxh4 33. Rxh4 Ng5 34. Re1 Bd7
35. a3 Kg6 36. a4 Kg7 37. b3 Kg6 38. Kf2 b5 39. cxb5 axb5 40. axb5 Rb8 41. Bd1
Bxb5 42. Bc2 Bd7 43. Rg1 Ra8 44. Ke2 Ra5 45. Rhh1 Rc5 46. Kd3 Bb5+ 47. Nxb5
Rxb5 48. Ra1 Nfxe4 49. Ke2 Rxd5 50. Rhd1 Rc5 51. Rac1 Kf6 52. Bxe4 Nxe4 53.
Rxc5 Nxc5 54. b4 Ne6 55. Kf3 Ng5+ 56. Ke2 Ne4 57. Rc1 Ng3+ 58. Kf2 c5 59. b5
Ke6 60. Re1 c4 61. g5 Kd7 62. Kf3 Nf5 63. Ke4 Ke6 64. b6 Nd4 0-1